Plus Grandes Villes Hongrie - Statistiques

Statistiques générales
  • Ce quiz a été pris 157 fois
  • Le résultat moyen est 4 sur 8
Statistiques - réponses
Ville
Population
(en milliers)
% Correct
Budapest 1 779
100%
Debrecen 202
70%
Győr 132
59%
Pécs 142
56%
Szeged 160
51%
Miskolc 157
42%
Nyíregyháza 116
19%
Kecskemét 110
14%
Aucun quiz correspondant
Distribution des résultats
% des personnes avec chaque résultat
Percentile par nombre de réponses
Votre historique - résultats
Vous n’avez pas pris ce quiz